00378pab a2200145 454500008004000000100002700040245005700067260000900124300001300133362000800146650002800154650001400182650002000196773001600216180718b2014 xxu||||| |||| 00| 0 eng d aMohapatra, Amiya Kumar aRural - Urban migration in India - A critical review c2014 ap.18-21. aSep aRural migration - India aMigration aRural migration aKurukshetra